书目信息 |
| 题名: |
简明材料力学
|
|
| 作者: | 田北平 主编 | |
| 分册: | ||
| 出版信息: | 成都 西南交通大学出版社 2010.08 |
|
| 页数: | 234页 | |
| 开本: | 23cm | |
| 丛书名: | ||
| 单 册: | ||
| 中图分类: | TB301 | |
| 科图分类: | ||
| 主题词: | 材料力学--cai liao li xue--高等学校--教材 | |
| 电子资源: | ||
| ISBN: | 978-7-5643-0817-9 | |
| 000 | 01133nam0 2200277 450 | |
| 001 | 012011766302 | |
| 005 | 20110103115349.32 | |
| 010 | @a978-7-5643-0817-9@dCNY26.00 | |
| 100 | @a20110103d2010 em y0chiy0120 ea | |
| 101 | 0 | @achi |
| 102 | @aCN@b510000 | |
| 105 | @aak a 000yy | |
| 106 | @ar | |
| 200 | 1 | @a简明材料力学@Ajian ming cai liao li xue@f田北平主编@Ftian bei ping zhu bian |
| 210 | @a成都@c西南交通大学出版社@d2010.08 | |
| 215 | @a234页@c图@d23cm | |
| 300 | @a21世纪普通高等院校规划教材-基础力学 | |
| 320 | @a有书目 (第234页) | |
| 330 | @a本书为“21世纪普通高等院校规划教材”,其主要内容共包括:拉伸和压缩、扭转、弯曲应力、梁弯曲时的位移、简单的超静定问题、应力状态和强度理论、组合变形及连接部分的计算、压杆稳定和截面图形的几何性质等。本书适合作为土木工程、给水排水等本科专业力学课程的教材。 | |
| 333 | @a土木工程、建筑材料、给水排水、采暖通风等本科专业师生,相关工程技术人员 | |
| 517 | 1 | @a材料力学@Acai liao li xue |
| 606 | 0 | @a材料力学@Acai liao li xue@x高等学校@j教材 |
| 690 | @aTB301@v4 | |
| 701 | 0 | @a田北平@Atian bei ping@4主编 |
| 801 | 0 | @aCN@bQSSK@c20110103 |
| 905 | @b791065-67@dTB301@eT604@f3 | |
| 简明材料力学/田北平主编.-成都:西南交通大学出版社,2010.08 |
| 234页:图;23cm |
| 21世纪普通高等院校规划教材-基础力学.-使用对象:土木工程、建筑材料、给水排水、采暖通风等本科专业师生,相关工程技术人员 |
| ISBN 978-7-5643-0817-9:CNY26.00 |
| 本书为“21世纪普通高等院校规划教材”,其主要内容共包括:拉伸和压缩、扭转、弯曲应力、梁弯曲时的位移、简单的超静定问题、应力状态和强度理论、组合变形及连接部分的计算、压杆稳定和截面图形的几何性质等。本书适合作为土木工程、给水排水等本科专业力学课程的教材。 |
| ● |
| 相关链接 |
|
|
|
正题名:简明材料力学
索取号:TB301/T604
 
预约/预借
| 序号 | 登录号 | 条形码 | 馆藏地/架位号 | 状态 | 备注 |
| 1 | 791065 | 207910652 | 自科库501/501自科库 11排2列3层/ [索取号:TB301/T604] | 在馆 | |
| 2 | 791066 | 207910661 | 自科库501/501自科库 11排2列3层/ [索取号:TB301/T604] | 在馆 | |
| 3 | 791067 | 207910670 | 自科库501/501自科库 11排2列3层/ [索取号:TB301/T604] | 在馆 |